[Event "GCT 2023 Croazia - Rapid"]
[Site "Zagabria"]
[Date "07.07.2023"]
[Round "R7"]
[White "Anand, Viswanathan"]
[Black "Duda, Jan-Krzysztof"]
[Result "1/2-1/2"]
[WhiteElo "2754"]
[BlackElo "2732"]
[EventDate "2023.07.05"]

1. e4 c5 2. Nf3 d6 3. d4 cxd4 4. Nxd4 Nf6 5. Nc3 a6 6. Be2 e5 7. Nf3 Be7 8.
Bg5 Nbd7 9. a4 Qb6 10. Rb1 h6 11. Be3 Qc6 12. Nd2 Nc5 13. Ra1 O-O 14. Bf3
Be6 15. O-O b5 16. axb5 axb5 17. Qe2 Rab8 18. Rfd1 Na4 19. Nxa4 bxa4 20. b3
axb3 21. cxb3 Rfc8 22. Qd3 Bf8 23. h3 Rb4 24. Ra6 Qb7 25. Ra7 Qb8 26. Rda1
Bd7 27. Qa6 Be6 28. Qd3 Qb5 29. Qxb5 Rxb5 30. Be2 Rb4 31. Bc4 d5 32. exd5
Nxd5 33. Ra8 Rbb8 34. Rxb8 Rxb8 35. Ba7 Rb7 36. Ne4 Nf4 37. Be3 Bxc4 38.
bxc4 Ne6 39. g4 Rc7 40. Ra4 f6 41. h4 Kf7 42. h5 g6 43. hxg6+ Kxg6 44. Kg2
Rc6 45. Kf3 f5 46. gxf5+ Kxf5 47. Ng3+ Kf6 48. Ke4 Bc5 49. Ra5 Bxe3 50.
Kxe3 Rxc4 51. Ne4+ Kg7 52. Rxe5 Ng5 53. Nxg5 hxg5 54. Rxg5+ Kf6 55. Rd5 Ra4
56. Rd4 Ra2 57. Rd2 Ra4 58. Rd4 Ra2 59. Rd2 Ra4 1/2-1/2

[Event "GCT 2023 Croazia - Rapid"]
[Site "Zagabria"]
[Date "07.07.2023"]
[Round "R8"]
[White "Rapport, Richard"]
[Black "Lupulescu, Constantin"]
[Result "1-0"]
[WhiteTitle "GM"]
[BlackTitle "GM"]
[WhiteElo "2752"]
[BlackElo "2584"]
[WhiteFideId "738590"]
[BlackFideId "1207822"]
[EventDate "2023.07.05"]

1. e4 c5 2. Nf3 e6 3. d3 d5 4. Nbd2 Nc6 5. g3 Nf6 6. Bg2 Be7 7. O-O O-O 8. Re1
Qc7 9. c3 b6 10. Qe2 Bb7 11. e5 Nd7 12. Nf1 b5 13. Bf4 Rfc8 14. h4 Qd8 15. N1d2
a5 16. a4 bxa4 17. Rxa4 Nb6 18. Raa1 a4 19. Nb1 Na5 20. Na3 Nb3 21. Rad1 c4 22.
d4 Bxa3 23. bxa3 Qf8 24. Qa2 Rc7 25. h5 Rb8 26. Qc2 h6 27. g4 Qxa3 28. g5 Qf8
29. gxh6 gxh6 30. Re3 Qg7 31. Nh4 Kf8 32. Rg3 Qh8 33. Nf5 exf5 34. e6 fxe6 35.
Bxc7 Nd7 36. Bxb8 Nxb8 37. Re1 Bc8 38. Bxd5 exd5 39. Qe2 1-0

[Event "GCT 2023 Croazia - Rapid"]
[Site "Zagabria"]
[Date "07.07.2023"]
[Round "R8"]
[White "Nepomniachtchi, Ian"]
[Black "Caruana, Fabiano"]
[Result "1/2-1/2"]
[WhiteTitle "GM"]
[BlackTitle "GM"]
[WhiteElo "2779"]
[BlackElo "2782"]
[WhiteFideId "4168119"]
[BlackFideId "2020009"]
[EventDate "2023.07.05"]

1. e4 e6 2. d4 d5 3. e5 c5 4. c3 Nc6 5. Nf3 Qb6 6. a3 c4 7. Nbd2 Na5 8. Be2 Bd7
9. O-O O-O-O 10. Rb1 h6 11. b4 cxb3 12. c4 Ba4 13. c5 Qc7 14. Bb2 Ne7 15. Bc3
Nec6 16. Qc1 f6 17. Bxa5 Nxa5 18. Bd1 Bb5 19. Re1 Bd3 20. Rb2 f5 21. Re3 Ba6 22.
Rc3 Be7 23. Nxb3 Nc4 24. Rb1 g5 25. Nfd2 g4 26. Nxc4 dxc4 27. Rxc4 Bxc4 28. Qxc4
Rd5 29. Be2 Rhd8 30. Qa4 Kb8 31. g3 Ka8 32. Bf1 Qd7 33. Qb4 f4 34. gxf4 Rf8 35.
Bg2 Rxf4 36. Bxd5 Qxd5 37. Qb5 a6 38. Qe8+ Qd8 39. Qxd8+ Bxd8 40. a4 h5 41. c6
bxc6 42. Nc5 Bh4 43. Nxe6 Rxf2 44. Rc1 Re2 45. Rxc6 Re1+ 46. Kg2 Re2+ 47. Kg1
Re1+ 1/2-1/2

[Event "GCT 2023 Croazia - Rapid"]
[Site "Zagabria"]
[Date "07.07.2023"]
[Round "R8"]
[White "Firouzja, Alireza"]
[Black "Saric, Ivan"]
[Result "1-0"]
[WhiteTitle "GM"]
[BlackTitle "GM"]
[WhiteElo "2777"]
[BlackElo "2657"]
[WhiteFideId "12573981"]
[BlackFideId "14508150"]
[EventDate "2023.07.05"]

1. d4 Nf6 2. c4 g6 3. Nc3 Bg7 4. e4 d6 5. Nf3 O-O 6. Be2 e5 7. O-O Na6 8. Re1
Bg4 9. Be3 exd4 10. Bxd4 Re8 11. h3 Bxf3 12. Bxf3 c6 13. Qc2 Nc5 14. Rad1 Qe7
15. g3 h5 16. Bg2 Ne6 17. Be3 Nd7 18. f4 h4 19. gxh4 Qxh4 20. Rf1 Nb6 21. Ne2
Rad8 22. f5 Ng5 23. fxg6 fxg6 24. Nf4 Be5 25. Rd3 Kh7 26. b3 Rf8 27. Qf2 Qxf2+
28. Rxf2 Rde8 29. h4 Bxf4 30. Rxf4 Rxf4 31. Bxf4 Nxe4 32. Bxd6 Nxd6 33. Rxd6 Re7
34. Bh3 Kh6 35. Rd8 g5 36. hxg5+ Kxg5 37. Kf2 Kf4 38. Rd4+ Ke5 39. Ke3 Rg7 40.
Bg4 a5 41. Kd3 Rf7 42. c5 Nd5 43. Re4+ Kf6 44. Be6 Nf4+ 45. Rxf4+ Kxe6 46. Ra4
Kd5 47. Rxa5 Rf3+ 48. Kc2 Kd4 49. Kb2 Rf5 50. b4 Kc4 51. Ka3 Rf3+ 52. Ka4 Kc3
53. Ra7 b5+ 54. Ka5 Kc4 55. Rh7 Ra3+ 56. Kb6 Rxa2 57. Rh4+ Kd5 58. Rh5+ Kc4 59.
Kxc6 Kxb4 60. Kb6 Ka4 61. c6 b4 62. Ra5+ Kb3 63. c7 1-0

[Event "GCT 2023 Croazia - Rapid"]
[Site "Zagabria"]
[Date "07.07.2023"]
[Round "R9"]
[White "Caruana, Fabiano"]
[Black "Firouzja, Alireza"]
[Result "1/2-1/2"]
[WhiteTitle "GM"]
[BlackTitle "GM"]
[WhiteElo "2782"]
[BlackElo "2777"]
[WhiteFideId "2020009"]
[BlackFideId "12573981"]
[EventDate "2023.07.05"]

1. e4 c6 2. d4 d5 3. exd5 cxd5 4. Bd3 Nf6 5. c3 Bg4 6. Qb3 Qc7 7. h3 Bh5 8. Ne2
Bxe2 9. Bxe2 e6 10. g3 Bd6 11. Na3 a6 12. Qa4+ Nfd7 13. Nb5 axb5 14. Qxa8 O-O
15. Bxb5 Nb6 16. Qa5 Nc6 17. Bxc6 Qxc6 18. c4 dxc4 19. O-O Ra8 20. Qh5 Nd5 21.
Bd2 b5 22. a3 Be7 23. Rfe1 Bf6 24. Bc3 h6 25. h4 Rd8 26. Rad1 Qa6 27. Qf3 Qa4
28. Kg2 Be7 29. Rd2 Bd6 30. Rde2 Bc7 31. Bd2 Ba5 32. Bxa5 Qxa5 33. Rd1 Qa4 34.
Rde1 Qa7 35. Rd1 Qa4 36. Rde1 Qa7 37. Rd1 Qa4 38. Rde1 1/2-1/2

[Event "GCT 2023 Croazia - Rapid"]
[Site "Zagabria"]
[Date "07.07.2023"]
[Round "R9"]
[White "Saric, Ivan"]
[Black "Rapport, Richard"]
[Result "1-0"]
[WhiteTitle "GM"]
[BlackTitle "GM"]
[WhiteElo "2657"]
[BlackElo "2752"]
[WhiteFideId "14508150"]
[BlackFideId "738590"]
[EventDate "2023.07.05"]

1. e4 d6 2. d4 Nf6 3. Nc3 e5 4. Nf3 Nbd7 5. Bc4 Be7 6. a4 O-O 7. O-O c6 8. Re1
h6 9. Ba2 Re8 10. h3 exd4 11. Nxd4 Bf8 12. Bf4 Nc5 13. Qf3 Ne6 14. Bxe6 Bxe6 15.
Rad1 Qb6 16. b3 Rad8 17. Re3 d5 18. e5 Nh7 19. Qg3 Kh8 20. Red3 Bc5 21. Nxe6
fxe6 22. Ne2 Rf8 23. Be3 Bxe3 24. Rxe3 Qb4 25. Kh2 Rf7 26. Rd4 Qe7 27. Nf4 Nf8
28. Rf3 Rf5 29. Nd3 Qf7 30. Rdf4 Rxf4 31. Nxf4 Qe8 32. Qg4 Rd7 33. h4 Kg8 34.
Nh5 Kh7 35. Qxg7+ Rxg7 36. Nf6+ 1-0

[Event "GCT 2023 Croazia - Rapid"]
[Site "Zagabria"]
[Date "07.07.2023"]
[Round "R9"]
[White "Anand, Viswanathan"]
[Black "Nepomniachtchi, Ian"]
[Result "1/2-1/2"]
[WhiteTitle "GM"]
[BlackTitle "GM"]
[WhiteElo "2754"]
[BlackElo "2779"]
[WhiteFideId "5000017"]
[BlackFideId "4168119"]
[EventDate "2023.07.05"]

1. e4 c5 2. Nf3 d6 3. d4 cxd4 4. Nxd4 Nf6 5. Nc3 a6 6. Be2 e5 7. Nb3 Be7 8. Bg5
Be6 9. Bxf6 Bxf6 10. Qd3 Be7 11. Nd5 Nd7 12. O-O Bxd5 13. Qxd5 Qc7 14. c3 Nf6
15. Qd3 O-O 16. Nd2 Rfd8 17. Bf3 b5 18. Rfd1 g6 19. Nf1 Bf8 20. Ne3 Rab8 21. Nd5
Nxd5 22. Qxd5 h5 23. a3 Rb6 24. Be2 h4 25. Rd3 Bh6 26. Qa2 d5 27. Rxd5 Rxd5 28.
Qxd5 Rd6 29. Qa8+ Kg7 30. Rd1 Bd2 31. h3 Qb6 32. Qc8 Bf4 33. Rxd6 Qxd6 34. Bf1
Bc1 35. c4 Bxb2 36. cxb5 axb5 37. Qc2 Bxa3 38. Bxb5 Bc5 39. Bd3 Qd4 40. Qe2 Qa1+
41. Qf1 Qb2 42. Qe2 Qc1+ 43. Qf1 Qf4 44. Qe2 Bd4 45. Qf3 Qc1+ 46. Bf1 Bc5 47.
Qg4 Be7 48. Qe2 Bd8 49. Qe3 Qb2 50. Qe2 Qb6 51. Qb5 Qf6 52. Qd3 Bb6 53. Qf3 Qe7
54. g4 hxg3 55. Qxg3 Qe6 56. Kg2 Bd4 57. Be2 Qc6 58. Qf3 Qc1 59. h4 Qf4 1/2-1/2

[Event "GCT 2023 Croazia - Blitz"]
[Site "Zagabria"]
[Date "08.07.2023"]
[Round "B1"]
[White "Anand, Viswanathan"]
[Black "Nepomniachtchi, Ian"]
[Result "1/2-1/2"]
[WhiteElo "2754"]
[BlackElo "2779"]
[PlyCount "83"]
[EventDate "2023.??.??"]
[WhiteTeam "India"]
[BlackTeam "FID"]
[WhiteTeamCountry "IND"]

1. e4 c5 2. Nf3 d6 3. d4 cxd4 4. Nxd4 Nf6 5. Nc3 a6 6. Bd3 g6 7. f3 Bg7 8. Be3
Nc6 9. Qd2 Ne5 10. O-O-O b5 11. Kb1 b4 12. Nce2 a5 13. Bh6 O-O 14. Bxg7 Kxg7
15. g4 Nxd3 16. Qxd3 e5 17. Nb5 Ba6 18. c4 Bxb5 19. cxb5 Qb6 20. Qxd6 Qxb5 21.
Qd3 Qb6 22. g5 Nh5 23. Qd6 Qb5 24. Ng3 Nf4 25. h4 Ra6 26. Qd7 Qxd7 27. Rxd7 h6
28. Rc1 hxg5 29. hxg5 Nh3 30. Nf1 Nxg5 31. Nd2 Ne6 32. Nc4 Kf6 33. Rd5 Rc8 34.
Nxe5 Rxc1+ 35. Kxc1 Nf4 36. Rc5 Ke6 37. Kd2 Rd6+ 38. Ke3 Ng2+ 39. Ke2 Nf4+ 40.
Ke3 Ng2+ 41. Ke2 Nf4+ 42. Ke3 1/2-1/2

[Event "GCT 2023 Croazia - Blitz"]
[Site "Zagabria"]
[Date "08.07.2023"]
[Round "B1"]
[White "Firouzja, Alireza"]
[Black "Saric, Ivan"]
[Result "1-0"]
[WhiteElo "2777"]
[BlackElo "2657"]
[PlyCount "79"]
[EventDate "2023.??.??"]
[WhiteTeam "Francia"]
[BlackTeam "Croatia"]
[WhiteTeamCountry "FRA"]
[BlackTeamCountry "CRO"]

1. d4 Nf6 2. c4 g6 3. Nc3 Bg7 4. e4 d6 5. Be2 O-O 6. Be3 Nc6 7. d5 Ne5 8. f4
Neg4 9. Bd2 Nh6 10. Nf3 c6 11. a4 e6 12. dxe6 Bxe6 13. a5 Re8 14. O-O Bg4 15.
h3 Bd7 16. Ng5 b6 17. a6 b5 18. cxb5 cxb5 19. Bf3 b4 20. Ne2 Bc6 21. Ng3 Qb6+
22. Kh2 Rad8 23. Re1 d5 24. e5 Ne4 25. N5xe4 dxe4 26. Bxe4 Bxe4 27. Nxe4 Nf5
28. Qa4 Rxe5 29. fxe5 Bxe5+ 30. Kh1 Bb8 31. Qxb4 Qc7 32. Nf6+ Kh8 33. Ng4 h5
34. Qc3+ Kh7 35. Nf6+ Kh8 36. Ne8+ Qxc3 37. Bxc3+ Kh7 38. Nf6+ Kh6 39. Rad1 Rc8
40. Be5 1-0

[Event "GCT 2023 Croazia - Blitz"]
[Site "Zagabria"]
[Date "08.07.2023"]
[Round "B1"]
[White "Lupulescu, Constantin"]
[Black "Duda, Jan-Krzysztof"]
[Result "1/2-1/2"]
[WhiteElo "2584"]
[BlackElo "2732"]
[PlyCount "107"]
[EventDate "2023.??.??"]
[WhiteTeam "ROU"]
[BlackTeam "Polonia"]
[BlackTeamCountry "POL"]

1. d4 Nf6 2. c4 e6 3. Nc3 Bb4 4. e3 c5 5. Nge2 cxd4 6. exd4 d5 7. a3 Bxc3+ 8.
Nxc3 dxc4 9. Bxc4 O-O 10. O-O Nc6 11. d5 exd5 12. Nxd5 Be6 13. Nxf6+ Qxf6 14.
Bxe6 Qxe6 15. Be3 Rfd8 16. Qc2 Na5 17. Rad1 Rdc8 18. Qd3 Qg6 19. Qxg6 hxg6 20.
Rd7 b6 21. Rfd1 Rc2 22. R1d2 Rc1+ 23. Rd1 Rxd1+ 24. Rxd1 Nc4 25. Bc1 Rc8 26. g3
f6 27. Kg2 g5 28. h3 Ne5 29. Be3 Kf7 30. Rd4 Ke6 31. Ra4 Rc7 32. b3 Nc6 33. Rc4
Kd5 34. Rc2 Re7 35. Rd2+ Ke6 36. Rc2 Kd7 37. Rd2+ Kc7 38. Rc2 Kb7 39. Rd2 b5
40. Rd5 a6 41. b4 Ne5 42. Rd6 Nc4 43. Rd3 Kc6 44. Bc5 Rd7 45. Rc3 a5 46. a4 Rd5
47. Bf8 axb4 48. Bxb4 Kb6 49. axb5 Kxb5 50. Bf8 Rd7 51. Rb3+ Kc6 52. Rc3 Kb5
53. Rb3+ Kc6 54. Rc3 1/2-1/2

[Event "GCT 2023 Croazia - Blitz"]
[Site "Zagabria"]
[Date "08.07.2023"]
[Round "B2"]
[White "Rapport, Richard"]
[Black "Anand, Viswanathan"]
[Result "1-0"]
[WhiteElo "2752"]
[BlackElo "2754"]
[PlyCount "99"]
[EventDate "2023.??.??"]
[WhiteTeam "ROU"]
[BlackTeam "India"]
[BlackTeamCountry "IND"]

1. Nf3 d5 2. g3 c5 3. c4 d4 4. e3 Nc6 5. exd4 cxd4 6. Bg2 Nf6 7. O-O Nd7 8. Re1
e5 9. Nh4 Be7 10. Nf5 O-O 11. Nxe7+ Qxe7 12. b3 Nb4 13. Ba3 Qd6 14. Bxb4 Qxb4
15. d3 a5 16. Nd2 Ra6 17. a3 Qe7 18. Nf3 Qd6 19. Qd2 Nc5 20. Rab1 f6 21. b4
axb4 22. axb4 Na4 23. c5 Qd8 24. Ra1 Nc3 25. Rxa6 bxa6 26. Qc2 Kh8 27. Nd2 Qd7
28. Ne4 Nxe4 29. Bxe4 Qb5 30. Qd2 Bd7 31. Ra1 f5 32. Ra5 Qb8 33. Bd5 Bb5 34.
Qc2 e4 35. Bc4 e3 36. Bxb5 axb5 37. c6 exf2+ 38. Qxf2 Qd6 39. Qc2 f4 40. c7 Qe6
41. Ra1 fxg3 42. hxg3 Qe3+ 43. Kg2 Qf3+ 44. Kh2 Qh5+ 45. Kg1 Qe5 46. Qf2 Rc8
47. Rf1 Qe8 48. Qf4 h6 49. Rc1 Qe7 50. Kg2 1-0

[Event "GCT 2023 Croazia - Blitz"]
[Site "Zagabria"]
[Date "08.07.2023"]
[Round "B2"]
[White "Nepomniachtchi, Ian"]
[Black "Firouzja, Alireza"]
[Result "0-1"]
[WhiteElo "2779"]
[BlackElo "2777"]
[PlyCount "62"]
[EventDate "2023.??.??"]
[WhiteTeam "FID"]
[BlackTeam "Francia"]
[BlackTeamCountry "FRA"]

1. e4 c6 2. f3 d5 3. d4 e6 4. Nc3 Bb4 5. Bd2 Ne7 6. a3 Ba5 7. h4 Nd7 8. h5 h6
9. Bd3 Bb6 10. Nge2 e5 11. exd5 exd4 12. dxc6 bxc6 13. Ne4 O-O 14. Nf4 Nd5 15.
Qe2 Re8 16. g4 Bc7 17. Nh3 Bg3+ 18. Kf1 Nc5 19. Qg2 Nxd3 20. cxd3 Be5 21. Re1
Ba6 22. Nc5 Qb6 23. Nxa6 Qxa6 24. Nf2 Bf4 25. Ne4 Qxd3+ 26. Qe2 Qb3 27. Qd1
Qxb2 28. Rg1 Rxe4 29. fxe4 Bxd2 30. exd5 Bxe1 31. Qxe1 Qb5+ 0-1

[Event "GCT 2023 Croazia - Blitz"]
[Site "Zagabria"]
[Date "08.07.2023"]
[Round "B2"]
[White "Saric, Ivan"]
[Black "Lupulescu, Constantin"]
[Result "1/2-1/2"]
[WhiteElo "2657"]
[BlackElo "2584"]
[PlyCount "106"]
[EventDate "2023.??.??"]
[WhiteTeam "Croatia"]
[BlackTeam "ROU"]
[WhiteTeamCountry "CRO"]

1. e4 c5 2. Nf3 e6 3. c3 Nf6 4. e5 Nd5 5. d4 cxd4 6. cxd4 d6 7. Bc4 Be7 8. O-O
O-O 9. Qe2 dxe5 10. dxe5 Bd7 11. Rd1 Bc6 12. Nd4 Bc5 13. Nc3 Qb6 14. Nb3 Nxc3
15. bxc3 Nd7 16. Nxc5 Qxc5 17. Bf4 Nb6 18. Bd3 Nd5 19. Qh5 g6 20. Qh6 Nxf4 21.
Qxf4 Rfd8 22. h4 Rd5 23. h5 Rxe5 24. h6 Rh5 25. Be2 Rg5 26. g4 Qe5 27. Qd4 Qxd4
28. Rxd4 Kf8 29. c4 Ke7 30. f4 Ra5 31. a3 e5 32. fxe5 Rxe5 33. Kf2 Rd8 34. Rad1
Rxd4 35. Rxd4 Ra5 36. Rd3 Re5 37. Bf3 Bxf3 38. Kxf3 g5 39. a4 Re6 40. Rd5 Rxh6
41. Rxg5 Rc6 42. Rb5 b6 43. a5 bxa5 44. Rxa5 a6 45. Kg3 Kf6 46. Kh4 Kg6 47. Kg3
f6 48. Kf3 Rd6 49. Ke4 Re6+ 50. Kd4 Rd6+ 51. Kc5 Re6 52. Kd4 Rd6+ 53. Kc5 Re6
1/2-1/2

[Event "GCT 2023 Croazia - Blitz"]
[Site "Zagabria"]
[Date "08.07.2023"]
[Round "B3"]
[White "Lupulescu, Constantin"]
[Black "Nepomniachtchi, Ian"]
[Result "0-1"]
[WhiteElo "2584"]
[BlackElo "2779"]
[PlyCount "88"]
[EventDate "2023.??.??"]
[WhiteTeam "ROU"]
[BlackTeam "FID"]

1. d4 Nf6 2. c4 g6 3. Nc3 Bg7 4. e4 d6 5. Be2 O-O 6. Be3 Na6 7. h3 e5 8. d5 Nc5
9. Qc2 c6 10. Nf3 Nh5 11. Bxc5 dxc5 12. O-O-O Qe7 13. Kb1 Nf4 14. Bf1 f5 15. g3
Nh5 16. Bd3 fxe4 17. Bxe4 Nf6 18. Nd2 Rb8 19. g4 Kh8 20. dxc6 bxc6 21. Bxc6 e4
22. Rhe1 Be6 23. g5 Nh5 24. Ndxe4 Bxc4 25. Nd6 Be6 26. Bd5 Qxd6 27. Bxe6 Qf4
28. Bg4 Qxg5 29. Rd5 Qf6 30. Nd1 Nf4 31. Rd7 Rfd8 32. Rxd8+ Qxd8 33. Re3 Qd4
34. Rb3 Rd8 35. Ne3 Nd3 36. a3 Ne5 37. Rb7 Rf8 38. Rxa7 h5 39. Be6 Nf3 40. Rd7
Qf6 41. Bc4 Nd4 42. Qd2 Rb8 43. Ka2 Nf3 44. Qc3 Rxb2+ 0-1

[Event "GCT 2023 Croazia - Blitz"]
[Site "Zagabria"]
[Date "08.07.2023"]
[Round "B3"]
[White "Duda, Jan-Krzysztof"]
[Black "Saric, Ivan"]
[Result "1-0"]
[WhiteElo "2732"]
[BlackElo "2657"]
[PlyCount "114"]
[EventDate "2023.??.??"]
[WhiteTeam "Polonia"]
[BlackTeam "Croatia"]
[WhiteTeamCountry "POL"]
[BlackTeamCountry "CRO"]

1. e4 c5 2. Nf3 d6 3. d4 cxd4 4. Nxd4 Nf6 5. Nc3 Nc6 6. Bg5 Bd7 7. Qd2 Rc8 8.
O-O-O Nxd4 9. Qxd4 Qa5 10. Bd2 a6 11. f3 e5 12. Qd3 b5 13. a3 Be6 14. Nd5 Qd8
15. Nxf6+ Qxf6 16. Kb1 Qd8 17. Bb4 Rc6 18. Qd2 Be7 19. g3 O-O 20. f4 Bg4 21.
Be2 Bxe2 22. Qxe2 Qc7 23. fxe5 dxe5 24. Bxe7 Qxe7 25. Rd5 b4 26. a4 Rfc8 27.
Rhd1 g6 28. R1d2 b3 29. cxb3 Rc1+ 30. Ka2 Qb4 31. Rd8+ Rxd8 32. Rxd8+ Kg7 33.
Qd2 Qxd2 34. Rxd2 f5 35. exf5 gxf5 36. b4 e4 37. Kb3 Kf6 38. Rc2 Rd1 39. b5
axb5 40. axb5 Ke5 41. Rc5+ Rd5 42. Kc4 Rxc5+ 43. Kxc5 e3 44. b6 e2 45. b7 e1=Q
46. b8=Q+ Kf6 47. Qd6+ Kg5 48. Qf4+ Kg6 49. b4 Qg1+ 50. Kc6 Qg2+ 51. Kc7 Qxh2
52. Qd6+ Kg5 53. b5 Qc2+ 54. Kd8 Qb3 55. b6 h5 56. Qe7+ Kg4 57. b7 Qg8+ 1-0

[Event "GCT 2023 Croazia - Blitz"]
[Site "Zagabria"]
[Date "08.07.2023"]
[Round "B3"]
[White "Firouzja, Alireza"]
[Black "Rapport, Richard"]
[Result "0-1"]
[WhiteElo "2777"]
[BlackElo "2752"]
[PlyCount "72"]
[EventDate "2023.??.??"]
[WhiteTeam "Francia"]
[BlackTeam "ROU"]
[WhiteTeamCountry "FRA"]

1. c4 d6 2. d4 e5 3. Nf3 e4 4. Ng5 f5 5. g3 c6 6. Nc3 Be7 7. h4 Nf6 8. Bg2 Na6
9. Rb1 Nc7 10. d5 O-O 11. a4 Ng4 12. Nh3 cxd5 13. cxd5 e3 14. f3 Bxh4 15. gxh4
Qxh4+ 16. Kf1 f4 17. fxg4 Bxg4 18. Qe1 Qf6 19. Ng1 Rae8 20. Qh4 Qg6 21. Ra1 Rf5
22. Be4 h5 23. Nf3 Rxe4 24. Nxe4 Rxd5 25. Qd8+ Ne8 26. Bxe3 Qxe4 27. Bf2 Bxf3
28. exf3 Qd3+ 29. Kg1 Qg6+ 30. Kh2 Rd2 31. Qh4 Nf6 32. Rhg1 Qd3 33. Rg2 Qxf3
34. Kg1 Ng4 35. Qxh5 Rd1+ 36. Be1 Qe3+ 0-1

[Event "GCT 2023 Croazia - Blitz"]
[Site "Zagabria"]
[Date "08.07.2023"]
[Round "B4"]
[White "Gukesh, Dommaraju"]
[Black "Anand, Viswanathan"]
[Result "0-1"]
[WhiteElo "2744"]
[BlackElo "2754"]
[PlyCount "62"]
[EventDate "2023.??.??"]
[WhiteTeam "India"]
[BlackTeam "India"]
[WhiteTeamCountry "IND"]
[BlackTeamCountry "IND"]

1. e4 c6 2. d4 d5 3. f3 e6 4. Nc3 Nd7 5. a3 b5 6. Be3 b4 7. axb4 Bxb4 8. Bd3
Ne7 9. Nge2 O-O 10. O-O a5 11. Na4 e5 12. c3 Bd6 13. Ng3 Rb8 14. f4 exd4 15.
Bxd4 c5 16. Bxg7 Kxg7 17. e5 Bc7 18. Qh5 f5 19. Rf3 Qe8 20. Qh4 Bd8 21. e6 Nf6
22. Bxf5 Kh8 23. Nxc5 Nxf5 24. Nxf5 Bxe6 25. Re1 Ne4 26. Qh6 Bxf5 27. Rg3 Qf7
28. Nxe4 dxe4 29. Rd1 Rb6 30. Rd6 Rxd6 31. Qxd6 Qf6 0-1

[Event "GCT 2023 Croazia - Blitz"]
[Site "Zagabria"]
[Date "08.07.2023"]
[Round "B4"]
[White "Nepomniachtchi, Ian"]
[Black "Duda, Jan-Krzysztof"]
[Result "1-0"]
[WhiteElo "2779"]
[BlackElo "2732"]
[PlyCount "111"]
[EventDate "2023.??.??"]
[WhiteTeam "FID"]
[BlackTeam "Polonia"]
[BlackTeamCountry "POL"]

1. e4 c5 2. c3 d5 3. exd5 Qxd5 4. d4 Nf6 5. Nf3 e6 6. Na3 Nc6 7. Be3 cxd4 8.
Nb5 Qd7 9. Nbxd4 Nd5 10. Bd2 Be7 11. Nxc6 bxc6 12. Qc2 O-O 13. Bd3 h6 14. O-O-O
Qc7 15. Rhe1 c5 16. Ne5 Bb7 17. Qa4 Rad8 18. Qg4 f5 19. Qg3 Rf6 20. Bc2 Bd6 21.
f4 Ne7 22. Qh3 Bxe5 23. fxe5 Rg6 24. Rg1 Rg4 25. Qe3 Be4 26. h3 Bxc2 27. hxg4
Bxd1 28. Rxd1 fxg4 29. Qe4 Nf5 30. Qxg4 Qxe5 31. Qf3 Qd5 32. Qxd5 Rxd5 33. Re1
Kf7 34. Re4 a6 35. Ra4 Rd6 36. Bf4 Rc6 37. Be5 h5 38. Kd2 c4 39. Ke2 g5 40. b3
cxb3 41. axb3 Rc5 42. Bh8 Rc6 43. Rb4 Nd6 44. c4 Kg6 45. Be5 Nf7 46. Bh2 e5 47.
Rb7 h4 48. Kd3 g4 49. Bg1 g3 50. c5 Ng5 51. Rb6 Rf6 52. Be3 h3 53. gxh3 Ne6 54.
Ke4 Ng5+ 55. Kxe5 Nf3+ 56. Ke4 1-0

[Event "GCT 2023 Croazia - Blitz"]
[Site "Zagabria"]
[Date "08.07.2023"]
[Round "B4"]
[White "Rapport, Richard"]
[Black "Lupulescu, Constantin"]
[Result "1-0"]
[WhiteElo "2752"]
[BlackElo "2584"]
[PlyCount "182"]
[EventDate "2023.??.??"]
[WhiteTeam "ROU"]
[BlackTeam "ROU"]

1. g3 d5 2. Nf3 Nd7 3. d4 Nb6 4. a4 a5 5. Nc3 Bf5 6. Nh4 Bg4 7. h3 Bh5 8. Ng2
e6 9. Nf4 Bg6 10. Nxg6 hxg6 11. Qd3 Nf6 12. Bg2 Be7 13. e4 dxe4 14. Nxe4 Nxe4
15. Bxe4 c6 16. Kf1 Bg5 17. Bxg5 Qxg5 18. Qb3 Qd8 19. Re1 Rb8 20. h4 Qxd4 21.
Kg2 Qb4 22. Qf3 Qe7 23. Qc3 Nd5 24. Bxd5 cxd5 25. Qxg7 Rf8 26. h5 gxh5 27. Rxh5
Qd6 28. Qd4 Qc6 29. Qxd5 Ke7 30. Qxc6 bxc6 31. b3 Ra8 32. Ree5 f5 33. Rh6 Rf6
34. Rxf6 Kxf6 35. Rc5 Ra6 36. Kf3 Ke7 37. Ke3 Kd6 38. Kd4 Ra8 39. Re5 Ra7 40.
Rc5 Ra8 41. c3 Ra7 42. Kc4 Ra8 43. f4 Ra7 44. Re5 Ra8 45. Re3 Rb8 46. Rd3+ Kc7
47. Re3 Kd6 48. b4 Ra8 49. Rd3+ Kc7 50. b5 cxb5+ 51. Kxb5 Rb8+ 52. Kc5 Rb3 53.
Re3 Kd7 54. Kc4 Rb2 55. Kc5 Rb3 56. Rf3 Rb2 57. c4 Rb4 58. Ra3 Kc7 59. Re3 Kd7
60. Ra3 Kc7 61. Ra2 Kd7 62. Rd2+ Ke7 63. Ra2 Kd7 64. Rh2 Rxa4 65. Rh7+ Kc8 66.
Re7 Ra3 67. Kc6 Kb8 68. Rxe6 Rxg3 69. Re5 a4 70. Rb5+ Kc8 71. Rxf5 Kd8 72. Rf8+
Ke7 73. Ra8 Ra3 74. c5 Ra1 75. Ra5 a3 76. Kc7 a2 77. c6 Ke6 78. Re5+ Kf6 79.
Re2 Kg6 80. Rc2 Kf6 81. Kc8 Kf5 82. c7 Kxf4 83. Rd2 Ke3 84. Rb2 Ke4 85. Rh2 Ke5
86. Rd2 Ke4 87. Kd7 Ke3 88. c8=Q Kxd2 89. Qa6 Kc2 90. Qc4+ Kb2 91. Qd4+ Kb1 1-0

[Event "GCT 2023 Croazia - Blitz"]
[Site "Zagabria"]
[Date "08.07.2023"]
[Round "B4"]
[White "Caruana, Fabiano"]
[Black "Firouzja, Alireza"]
[Result "0-1"]
[WhiteElo "2782"]
[BlackElo "2777"]
[PlyCount "108"]
[EventDate "2023.??.??"]
[WhiteTeam "Stati Uniti"]
[BlackTeam "Francia"]
[WhiteTeamCountry "USA"]
[BlackTeamCountry "FRA"]

1. e4 c5 2. Nf3 d6 3. d4 cxd4 4. Nxd4 Nf6 5. Nc3 a6 6. f3 e5 7. Nb3 Be6 8. Be3
h5 9. Nd5 Bxd5 10. exd5 g6 11. Qd2 Nbd7 12. O-O-O Ng8 13. Kb1 Bh6 14. Bxh6 Nxh6
15. Bd3 Kf8 16. h4 Ng8 17. g4 a5 18. g5 a4 19. Nc1 Qa5 20. a3 Qxd2 21. Rxd2 Ra5
22. Na2 Ne7 23. Nb4 Kg7 24. Re1 Nf5 25. Rh1 Nc5 26. Bxf5 gxf5 27. Na2 Nd7 28.
Nc3 Nb6 29. f4 e4 30. Rd4 Rc8 31. Rhd1 Nc4 32. Ka2 Kg6 33. Re1 Nb6 34. Red1 Rc4
35. R1d2 Rac5 36. Rxc4 Nxc4 37. Re2 b5 38. Rf2 Ne3 39. Rd2 f6 40. gxf6 Kxf6 41.
Kb1 Nc4 42. Rg2 Nxa3+ 43. Kc1 Nc4 44. Rg5 a3 45. bxa3 Nxa3 46. Kb2 b4 47. Na4
Rxd5 48. Kb3 Rd1 49. Rg8 Rb1+ 50. Nb2 d5 51. Rd8 Nc4 52. Rxd5 Nxb2 53. Kxb4
Nd3+ 54. Kc3 Nxf4 0-1

[Event "GCT 2023 Croazia - Blitz"]
[Site "Zagabria"]
[Date "08.07.2023"]
[Round "B5"]
[White "Duda, Jan-Krzysztof"]
[Black "Rapport, Richard"]
[Result "0-1"]
[WhiteElo "2732"]
[BlackElo "2752"]
[PlyCount "70"]
[EventDate "2023.??.??"]
[WhiteTeam "Polonia"]
[BlackTeam "ROU"]
[WhiteTeamCountry "POL"]

1. e4 Nf6 2. e5 Nd5 3. d4 d6 4. Nf3 dxe5 5. Nxe5 c6 6. Be2 Bf5 7. O-O Nd7 8.
Nf3 e6 9. c4 N5f6 10. Nh4 Bxb1 11. Rxb1 Bd6 12. g3 O-O 13. b4 Re8 14. f4 a5 15.
a3 axb4 16. axb4 b5 17. c5 Bf8 18. Nf3 Nd5 19. Bd2 Qc7 20. Qb3 Ra4 21. Ne1 Rea8
22. Nc2 g6 23. Rbe1 Bg7 24. Kh1 h5 25. h3 N7f6 26. Qd3 Ra2 27. g4 hxg4 28. hxg4
Qd8 29. Kg2 Rb2 30. Rb1 Rxb1 31. Rxb1 Ra2 32. f5 gxf5 33. gxf5 e5 34. dxe5 Ng4
35. Qb3 Rxc2 0-1